000 01139nam a2200253 i 4500
001 16793
003 ES-MaACL
005 20230906151409.0
007 t|
008 001107s2000 sp ||||1| spa d
020 _a84-88006-65-9
080 _a77(460.23)(091)(083.824)
245 0 0 _aFotografía en Cataluña 1900-1999 :
_b[pictorialismo, fotografía moderna, nueva vanguardia y fotografía contemporánea] : [exposición].
260 _aMadrid :
_bConcejalía de Cultura, Educación, Juventud y Deportes,
_c2000.
300 _a[46] p. :
_bprincipalmente fot. col. y n. ;
_c17 x 13 cm.
585 _aSelección de la exposición "Introducción a la historia de la fotografía en Cataluña", celebrada en el Centro Cultural Conde Duque de Madrid, del 12 de septiembre al 19 de noviembre de 2000.
650 4 _aFotografía-
_zCataluña-
_vExposiciones.
_9173405
650 4 _aFotografía-
_zEspaña-
_yS.XX-
_vExposiciones.
_9173401
655 7 _2tgfbne
_9193628
_aCatálogos de exposiciones
710 2 _aCentro Cultural del Conde Duque.
_92579
852 _aES-MaACL
_j2156-F-22
942 _2udc
999 _c16793
_d16793